<?xml version="1.0" encoding="UTF-8"?>
<record
    xmlns:xsi="http://www.w3.org/2001/XMLSchema-instance"
    xsi:schemaLocation="http://www.loc.gov/MARC21/slim http://www.loc.gov/standards/marcxml/schema/MARC21slim.xsd"
    xmlns="http://www.loc.gov/MARC21/slim">

  <leader>01487nam a2200241   4500</leader>
  <datafield tag="999" ind1=" " ind2=" ">
    <subfield code="c">96779</subfield>
    <subfield code="d">96779</subfield>
  </datafield>
  <controlfield tag="003">NALT</controlfield>
  <controlfield tag="005">20210325220737.0</controlfield>
  <controlfield tag="008">200303b        th ||||| |||| 00| 0 tha d</controlfield>
  <datafield tag="040" ind1=" " ind2=" ">
    <subfield code="a">NALT</subfield>
  </datafield>
  <datafield tag="050" ind1=" " ind2=" ">
    <subfield code="a">G 156.5.A3</subfield>
    <subfield code="b">&#xE08;468&#xE19; 2558</subfield>
  </datafield>
  <datafield tag="100" ind1="0" ind2=" ">
    <subfield code="9">43847</subfield>
    <subfield code="a">&#xE08;&#xE34;&#xE19;&#xE14;&#xE32; &#xE02;&#xE25;&#xE34;&#xE1A;&#xE17;&#xE2D;&#xE07;</subfield>
  </datafield>
  <datafield tag="245" ind1="1" ind2="0">
    <subfield code="a">&#xE41;&#xE19;&#xE27;&#xE17;&#xE32;&#xE07;&#xE01;&#xE32;&#xE23;&#xE1E;&#xE31;&#xE12;&#xE19;&#xE32;&#xE01;&#xE32;&#xE23;&#xE08;&#xE31;&#xE14;&#xE01;&#xE32;&#xE23;&#xE17;&#xE48;&#xE2D;&#xE07;&#xE40;&#xE17;&#xE35;&#xE48;&#xE22;&#xE27;&#xE40;&#xE0A;&#xE34;&#xE07;&#xE40;&#xE01;&#xE29;&#xE15;&#xE23;&#xE2D;&#xE22;&#xE48;&#xE32;&#xE07;&#xE22;&#xE31;&#xE48;&#xE07;&#xE22;&#xE37;&#xE19;&#xE41;&#xE1A;&#xE1A;&#xE21;&#xE35;&#xE2A;&#xE48;&#xE27;&#xE19;&#xE23;&#xE48;&#xE27;&#xE21;&#xE02;&#xE2D;&#xE07;&#xE0A;&#xE38;&#xE21;&#xE0A;&#xE19; &#xE08;&#xE31;&#xE07;&#xE2B;&#xE27;&#xE31;&#xE14;&#xE19;&#xE19;&#xE17;&#xE1A;&#xE38;&#xE23;&#xE35; /</subfield>
    <subfield code="c">&#xE08;&#xE34;&#xE19;&#xE14;&#xE32; &#xE02;&#xE25;&#xE34;&#xE1A;&#xE17;&#xE2D;&#xE07;, &#xE13;&#xE23;&#xE31;&#xE10; &#xE23;&#xE31;&#xE15;&#xE19;&#xE40;&#xE08;&#xE23;&#xE34;&#xE0D;, &#xE40;&#xE08;&#xE19;&#xE13;&#xE23;&#xE07;&#xE04;&#xE4C; &#xE40;&#xE17;&#xE35;&#xE22;&#xE19;&#xE2A;&#xE27;&#xE48;&#xE32;&#xE07;, &#xE40;&#xE1E;&#xE0A;&#xE23; &#xE17;&#xE27;&#xE35;&#xE27;&#xE07;&#xE29;&#xE4C;.</subfield>
  </datafield>
  <datafield tag="260" ind1=" " ind2=" ">
    <subfield code="a">&#xE19;&#xE19;&#xE17;&#xE1A;&#xE38;&#xE23;&#xE35; :</subfield>
    <subfield code="b">&#xE21;&#xE2B;&#xE32;&#xE27;&#xE34;&#xE17;&#xE22;&#xE32;&#xE25;&#xE31;&#xE22;&#xE2A;&#xE38;&#xE42;&#xE02;&#xE17;&#xE31;&#xE22;&#xE18;&#xE23;&#xE23;&#xE21;&#xE32;&#xE18;&#xE34;&#xE23;&#xE32;&#xE0A;,</subfield>
    <subfield code="c">2559.</subfield>
  </datafield>
  <datafield tag="650" ind1=" " ind2="4">
    <subfield code="9">43862</subfield>
    <subfield code="a">&#xE01;&#xE32;&#xE23;&#xE17;&#xE48;&#xE2D;&#xE07;&#xE40;&#xE17;&#xE35;&#xE48;&#xE22;&#xE27;&#xE40;&#xE0A;&#xE34;&#xE07;&#xE40;&#xE01;&#xE29;&#xE15;&#xE23;</subfield>
    <subfield code="x">&#xE01;&#xE32;&#xE23;&#xE21;&#xE35;&#xE2A;&#xE48;&#xE27;&#xE19;&#xE23;&#xE48;&#xE27;&#xE21;&#xE02;&#xE2D;&#xE07;&#xE1B;&#xE23;&#xE30;&#xE0A;&#xE32;&#xE0A;&#xE19;</subfield>
  </datafield>
  <datafield tag="650" ind1=" " ind2="4">
    <subfield code="9">43863</subfield>
    <subfield code="a">&#xE01;&#xE32;&#xE23;&#xE17;&#xE48;&#xE2D;&#xE07;&#xE40;&#xE17;&#xE35;&#xE48;&#xE22;&#xE27;&#xE40;&#xE0A;&#xE34;&#xE07;&#xE40;&#xE01;&#xE29;&#xE15;&#xE23;</subfield>
  </datafield>
  <datafield tag="700" ind1="0" ind2=" ">
    <subfield code="9">43864</subfield>
    <subfield code="a">&#xE13;&#xE23;&#xE31;&#xE10; &#xE23;&#xE31;&#xE15;&#xE19;&#xE40;&#xE08;&#xE23;&#xE34;&#xE0D;</subfield>
  </datafield>
  <datafield tag="700" ind1="0" ind2=" ">
    <subfield code="9">43865</subfield>
    <subfield code="a">&#xE40;&#xE08;&#xE19;&#xE13;&#xE23;&#xE07;&#xE04;&#xE4C; &#xE40;&#xE17;&#xE35;&#xE22;&#xE19;&#xE2A;&#xE27;&#xE48;&#xE32;&#xE07;</subfield>
  </datafield>
  <datafield tag="700" ind1="0" ind2=" ">
    <subfield code="9">43866</subfield>
    <subfield code="a">&#xE40;&#xE1E;&#xE0A;&#xE23; &#xE17;&#xE27;&#xE35;&#xE27;&#xE07;&#xE29;&#xE4C;</subfield>
  </datafield>
  <datafield tag="850" ind1=" " ind2=" ">
    <subfield code="a">NALT</subfield>
  </datafield>
  <datafield tag="942" ind1=" " ind2=" ">
    <subfield code="c">RSH</subfield>
    <subfield code="2">lcc</subfield>
  </datafield>
  <datafield tag="998" ind1=" " ind2=" ">
    <subfield code="a">bijaya</subfield>
    <subfield code="b">phon</subfield>
    <subfield code="c">phon</subfield>
  </datafield>
  <datafield tag="952" ind1=" " ind2=" ">
    <subfield code="0">0</subfield>
    <subfield code="1">0</subfield>
    <subfield code="2">lcc</subfield>
    <subfield code="4">0</subfield>
    <subfield code="7">0</subfield>
    <subfield code="8">CRSH</subfield>
    <subfield code="a">NALT</subfield>
    <subfield code="b">NALT</subfield>
    <subfield code="d">2020-03-03</subfield>
    <subfield code="l">0</subfield>
    <subfield code="o">&#xE27; G 156.5.A3 &#xE08;468&#xE19; 2558</subfield>
    <subfield code="p">3961210328</subfield>
    <subfield code="r">2020-03-16 00:00:00</subfield>
    <subfield code="w">2020-03-03</subfield>
    <subfield code="y">RSH</subfield>
  </datafield>
</record>
